Is it a World Capital? - A Spot the Imposter Quiz - Statistics

General Stats
  • This quiz has been taken 435 times
  • The average score is 51 of 60
Answer Stats
Hint Answer % Correct
Jakarta, Indonesia Is a World Capital
93%
Zagreb, Croatia Is a World Capital
93%
Bangkok, Thailand Is a World Capital
93%
Vienna, Austria Is a World Capital
93%
Moscow, Russia Is a World Capital
93%
Belgrade, Serbia Is a World Capital
92%
Tirana, Albania Is a World Capital
92%
Dublin, Ireland Is a World Capital
92%
Odessa, Ukraine Not a World Capital
92%
Bonn, Germany Not a World Capital
92%
Ljubljana, Slovenia Is a World Capital
91%
New York City, United States Not a World Capital
91%
Barcelona, Spain Not a World Capital
91%
Kyoto, Japan Not a World Capital
91%
Kampala, Uganda Is a World Capital
90%
Georgetown, Guyana Is a World Capital
90%
Dhaka, Bangladesh Is a World Capital
90%
Sydney, Australia Not a World Capital
90%
Shanghai, China Not a World Capital
90%
Geneva, Switzerland Not a World Capital
90%
Harare, Zimbabwe Is a World Capital
89%
Dili, East Timor Is a World Capital
89%
San Jose, Costa Rica Is a World Capital
89%
Antananarivo, Madagascar Is a World Capital
89%
Rio de Janeiro, Brazil Not a World Capital
89%
Toronto, Canada Not a World Capital
89%
Bridgetown, Barbados Is a World Capital
88%
Vaduz, Liechtenstein Is a World Capital
88%
Tashkent, Uzbekistan Is a World Capital
88%
Sana'a, Yemen Is a World Capital
87%
Apia, Samoa Is a World Capital
87%
Mumbai, India Not a World Capital
87%
Marrakesh, Morocco Not a World Capital
87%
Libreville, Gabon Is a World Capital
86%
Istanbul, Turkey Not a World Capital
86%
Auckland, New Zealand Not a World Capital
86%
Jeddah, Saudi Arabia Not a World Capital
86%
Funafuti, Tuvalu Is a World Capital
85%
Ouagadougou, Burkina Faso Is a World Capital
85%
Conakry, Guinea Is a World Capital
84%
St. George's, Grenada Is a World Capital
83%
Karachi, Pakistan Not a World Capital
83%
Mombasa, Kenya Not a World Capital
83%
Manama, Bahrain Is a World Capital
82%
Juba, South Sudan Is a World Capital
81%
Yaren, Nauru Is a World Capital
80%
Moroni, Comoros Is a World Capital
80%
Dubai, United Arab Emirates Not a World Capital
80%
Tel Aviv, Israel Not a World Capital
80%
Santiago, Cuba Not a World Capital
80%
Ho Chi Minh City, Vietnam Not a World Capital
77%
Yangon, Myanmar Not a World Capital
77%
Freeport, Bahamas Not a World Capital
77%
Lagos, Nigeria Not a World Capital
75%
Almaty, Kazakhstan Not a World Capital
74%
Dar es Salaam, Tanzania Not a World Capital
71%
Columbo, Sri Lanka Not a World Capital
70%
Johannesburg, South Africa Not a World Capital
68%
Belize City, Belize Not a World Capital
68%
Abidjan, Ivory Coast Not a World Capital
66%
No matching quizzes found
Score Distribution
Percent of People with Each Score
Percentile by Number Answered
Your Score History
You have not taken this quiz